000 00329 a2200157 4500
001 192783
020 _a978-85-8392-125-7
040 _cMagnum
100 _aMuniz, Flávia
240 1 0 _aShow da natureza
_lpor
245 1 0 _aShow da natureza
300 _a14
362 0 _a2017
697 _aLITERATURA INFANTO
942 _cBK
999 _c192783
_d192783